Beyond traditional marketing

保存先:
書誌詳細
第一著者: Kashani, Kamran
フォーマット: 図書
言語:Undetermined
出版事項: England John Wiley and Sons 2005
主題:
タグ: タグ追加
タグなし, このレコードへの初めてのタグを付けませんか!
Thư viện lưu trữ: Trung tâm Học liệu Trường Đại học Cần Thơ
LEADER 00489nam a2200193Ia 4500
001 CTU_96170
008 210402s9999 xx 000 0 und d
020 |c 639000 
082 |a 658.8 
082 |b K19 
100 |a Kashani, Kamran 
245 0 |a Beyond traditional marketing 
245 0 |c Kamran Kashani 
260 |a England 
260 |b John Wiley and Sons 
260 |c 2005 
650 |a Marketing 
904 |i Hiếu 
980 |a Trung tâm Học liệu Trường Đại học Cần Thơ